| 000 | 00400nam a2200121Ia 4500 | ||
|---|---|---|---|
| 008 | 220216s9999 xx 000 0 und d | ||
| 100 | _aSleptsova M I | ||
| 245 | 0 | _aPredicting the low-temperature resistance of rubber sealing gaskets using time-temperature analogy | |
| 260 |
_bInternational Polymer Science and Technology _c2004 |
||
| 300 | _a67-69 | ||
| 650 | _aRubber sealing gaskets | ||
| 942 | _cJS | ||
| 999 |
_c65463 _d65463 |
||